000 00582nam a2200205Ia 4500
001 19635
003 GE_BSU
008 181216s||||||||xx |||||||||||||| ||und||
040 _cGE_BSU
245 _aБанковские технологии № 09(249) 2016
245 _cГл. ред. Ю.Н.Гордеев
260 _aМосква
260 _bФинанс Медиа
260 _c2016
300 _a55стр. 30см. илл.
653 _aБанковские технологии
653 _aПериодика
653 _aპერიოდიკა
942 _cCR
999 _c52611
_d52611